00310nam a2200121Ia 4500008004100000041000800041082001600049100001600065245004500081260003100126300002400157365000700181240624s9999 xx 000 0 und d aeng a332.042 RAJ aRAJWADE A V aFOREIGN EXCHANGE INTERNATIONAL FINANCE A aMumbaibShroff Publication a408 : p. : cm. ; 24 cRS